On the appropriateness of endogenous switching (Registro nro. 26218)

Detalles MARC
000 -LEADER
fixed length control field 00365 a2200121 4500
001 - CONTROL NUMBER
control field ART_12270
005 - DATE AND TIME OF LATEST TRANSACTION
control field 20260410161904.0
008 - FIXED-LENGTH DATA ELEMENTS--GENERAL INFORMATION
fixed length control field 260409a
100 1# - MAIN ENTRY--PERSONAL NAME
Personal name Poirier, Dale J.
245 10 - TITLE STATEMENT
Title On the appropriateness of endogenous switching
700 1# - ADDED ENTRY--PERSONAL NAME
Personal name Ruud, Paul A.
773 0# - HOST ITEM ENTRY
Title Journal of econometrics
Related parts - Vol. 16, Nº 2 (jun. 1981)
Record control number REV11720

No hay ítems disponibles.